[Event "Col Ch "]
[Site "Ibague "]
[Date "2013.07.07"]
[Round "11.43"]
[White "Torres, Jaime Alberto"]
[Black "Jaramillo, Carlos Orlando"]
[Result "1-0"]
[WhiteElo "2052"]
[BlackElo "1930"]
[PlyCount "92"]
[EventDate "2013.07.01"]
[EventType "swiss"]
[EventRounds "11"]
[EventCountry "COL"]
[SourceDate "2005.09.12"]

1. d4 Nf6 2. Nf3 b5 3. g3 Bb7 4. Bg2 e6 5. O-O d5 6. c3 Nbd7 7. Bg5 h6 8. Bc1
Ne4 9. Nbd2 Bd6 10. Qc2 O-O 11. Nxe4 dxe4 12. Ne5 Nxe5 13. dxe5 Bxe5 14. Bxe4
Bxe4 15. Qxe4 Bf6 16. Qg4 Kh7 17. e4 g6 18. f4 Qd3 19. f5 Rad8 20. Qh3 g5 21.
fxe6 fxe6 22. Rxf6 Rxf6 23. Bxg5 Rdf8 24. Bxf6 Qe3+ 25. Kh1 Qxe4+ 26. Qg2 Qxg2+
27. Kxg2 Rxf6 28. Rd1 Rf7 29. Re1 Re7 30. Re5 Rd7 31. Rxe6 Rd2+ 32. Kh3 Rxb2
33. Re7+ Kg6 34. Rxc7 a5 35. Rc5 h5 36. a4 b4 37. cxb4 axb4 38. a5 b3 39. a6
Ra2 40. Rc6+ Kf5 41. Rb6 b2 42. a7 Rxa7 43. Rxb2 Ra4 44. Kg2 Kg6 45. h4 Ra5 46.
Rb6+ Kf5 1-0

[Event "Col Ch "]
[Site "Ibague "]
[Date "2013.07.07"]
[Round "11.44"]
[White "Dominguez Rincon, Miller"]
[Black "Marin, Alejandro"]
[Result "1-0"]
[WhiteElo "2035"]
[BlackElo "1923"]
[PlyCount "29"]
[EventDate "2013.07.01"]
[EventType "swiss"]
[EventRounds "11"]
[EventCountry "COL"]
[SourceDate "2005.09.12"]

1. e4 c5 2. c3 d5 3. exd5 Qxd5 4. d4 e6 5. Nf3 Nf6 6. Be3 cxd4 7. cxd4 Bb4+ 8.
Nc3 Qa5 9. Qb3 Nc6 10. Bc4 O-O 11. O-O a6 12. a3 Be7 13. d5 Nxd5 14. Bxd5 exd5
15. Bb6 1-0

[Event "Col Ch "]
[Site "Ibague "]
[Date "2013.07.07"]
[Round "11.45"]
[White "Valdeblanquez, Jeiner Jair"]
[Black "Culma, Ruben"]
[Result "1-0"]
[WhiteElo "1765"]
[BlackElo "2029"]
[PlyCount "67"]
[EventDate "2013.07.01"]
[EventType "swiss"]
[EventRounds "11"]
[EventCountry "COL"]
[SourceDate "2005.09.12"]

1. d4 b5 2. Nf3 Bb7 3. Bf4 Nf6 4. e3 a6 5. Bd3 e6 6. O-O h6 7. Nbd2 d6 8. e4 g5
9. Bg3 Nbd7 10. a4 Rg8 11. axb5 axb5 12. e5 g4 13. Ne1 Rxa1 14. Qxa1 dxe5 15.
dxe5 Nh5 16. Bxb5 c6 17. Be2 Nxg3 18. hxg3 Nxe5 19. Nd3 Nxd3 20. Bxd3 Be7 21.
Qa7 Bc8 22. Nc4 Rg5 23. Qa8 Bd7 24. Ra1 Bc5 25. Nd2 f5 26. Nc4 Rg7 27. Kf1 h5
28. Ne5 Qxa8 29. Rxa8+ Ke7 30. b4 Bd4 31. Nxd7 Kxd7 32. b5 cxb5 33. Bxb5+ Kd6
34. Rh8 1-0

[Event "Col Ch "]
[Site "Ibague "]
[Date "2013.07.07"]
[Round "11.46"]
[White "Gomez, Jorge Leonardo"]
[Black "Rico, Oswaldo"]
[Result "0-1"]
[WhiteElo "1838"]
[BlackElo "2022"]
[PlyCount "54"]
[EventDate "2013.07.01"]
[EventType "swiss"]
[EventRounds "11"]
[EventCountry "COL"]
[SourceDate "2005.09.12"]

1. d4 d5 2. c4 e6 3. Nc3 Nf6 4. cxd5 exd5 5. Bg5 Nbd7 6. Qc2 c6 7. e3 Bd6 8.
Bd3 h6 9. Bh4 O-O 10. Nge2 Re8 11. g4 Qa5 12. O-O-O b5 13. g5 hxg5 14. Bxg5 b4
15. Na4 Ba6 16. Bxa6 Qxa6 17. f3 Nh7 18. h4 f6 19. Rdg1 fxg5 20. hxg5 Ndf8 21.
g6 Nf6 22. Nec3 bxc3 23. Nxc3 Rxe3 24. Qg2 Rxc3+ 25. Kb1 Qd3+ 26. Ka1 Rc2 27.
Qh3 Rh2 0-1

[Event "Col Ch "]
[Site "Ibague "]
[Date "2013.07.07"]
[Round "11.47"]
[White "Martinez, Mauricio"]
[Black "Huertas Botache, Alvaro Eduard"]
[Result "1/2-1/2"]
[WhiteElo "2010"]
[BlackElo "1833"]
[PlyCount "102"]
[EventDate "2013.07.01"]
[EventType "swiss"]
[EventRounds "11"]
[EventCountry "COL"]
[SourceDate "2005.09.12"]

1. e4 e5 2. Nf3 Nc6 3. d4 exd4 4. Bc4 Nf6 5. Ng5 Ne5 6. Bb3 h6 7. f4 hxg5 8.
fxe5 Nxe4 9. Bxf7+ Kxf7 10. Qf3+ Kg8 11. O-O Qe8 12. Qxe4 d5 13. Qxd5+ Be6 14.
Qxb7 Bc5 15. Qf3 g4 16. Qg3 Qh5 17. Nd2 d3+ 18. Kh1 Bd5 19. cxd3 Qh4 20. Qxh4
Rxh4 21. Ne4 Bxe4 22. dxe4 g3 23. h3 Bf2 24. Bd2 Re8 25. Be1 Rf8 26. Bxf2 gxf2
27. g3 Rxe4 28. Kg2 Re2 29. b3 Rf5 30. e6 Rf6 31. Rac1 Rxa2 32. Rxc7 Rxe6 33.
Rxf2 Rxf2+ 34. Kxf2 Rb6 35. Rc3 Kf7 36. Rc7+ Kf6 37. Rxa7 Rxb3 38. h4 g6 39.
Ra5 Kg7 40. Kg2 Kh6 41. Kh3 Rc3 42. Ra7 Rb3 43. Rf7 Rc3 44. Kg4 Rc4+ 45. Rf4
Rc3 46. Ra4 Kg7 47. Kf4 Kf6 48. g4 Rc5 49. g5+ Kf7 50. Kg4 Rb5 51. Rf4+ Kg7
1/2-1/2

[Event "Col Ch "]
[Site "Ibague "]
[Date "2013.07.07"]
[Round "11.48"]
[White "Otalora, Carlos Eduardo"]
[Black "Corpus Vanegas, Jair Samir"]
[Result "1-0"]
[WhiteElo "2114"]
[BlackElo "1881"]
[PlyCount "69"]
[EventDate "2013.07.01"]
[EventType "swiss"]
[EventRounds "11"]
[EventCountry "COL"]
[SourceDate "2005.09.12"]

1. d4 d5 2. Nf3 Nc6 3. Bf4 Bf5 4. c4 e6 5. e3 Bd6 6. Bg3 Nf6 7. Nc3 Ne4 8. Rc1
Nxg3 9. hxg3 O-O 10. Be2 Bb4 11. O-O dxc4 12. Bxc4 Qf6 13. a3 Ba5 14. b4 Bb6
15. Qb3 Bg4 16. Nd2 Rad8 17. Na4 Qg6 18. Nxb6 cxb6 19. f3 Bh3 20. Kf2 Bf5 21.
g4 Bxg4 22. fxg4 Qxg4 23. Nf3 Qf5 24. Bd3 Qf6 25. Kg1 Qh6 26. Be4 Ne7 27. Rc7
Nf5 28. Bxf5 exf5 29. Ne5 Qf6 30. Rfc1 f4 31. Nd7 Rxd7 32. Rxd7 f3 33. Rf1 Qc6
34. Qd5 fxg2 35. Qxf7+ 1-0

[Event "Col Ch "]
[Site "Ibague "]
[Date "2013.07.07"]
[Round "11.49"]
[White "Gutierrez, Ramon"]
[Black "Restrepo, Jose Daniel"]
[Result "0-1"]
[WhiteElo "2207"]
[BlackElo "1944"]
[PlyCount "80"]
[EventDate "2013.07.01"]
[EventType "swiss"]
[EventRounds "11"]
[EventCountry "COL"]
[SourceDate "2005.09.12"]

1. e4 e5 2. Nf3 Nc6 3. Bb5 a6 4. Ba4 Nf6 5. O-O Be7 6. d4 b5 7. Bb3 d6 8. c3
Bg4 9. dxe5 Nxe5 10. Nbd2 O-O 11. Qe2 c5 12. h3 Nxf3+ 13. Nxf3 Bh5 14. Qe3 Qc7
15. Bd2 Rfe8 16. Rae1 Bf8 17. Qf4 Rad8 18. Nh4 Qc6 19. g4 Bg6 20. Nxg6 hxg6 21.
g5 c4 22. gxf6 cxb3 23. axb3 gxf6 24. Qxf6 Bg7 25. Qh4 Rd7 26. Bg5 Re5 27. Qg4
Rc7 28. Re3 Qd7 29. Qg3 Qe8 30. Rfe1 Re6 31. h4 Kh7 32. Kg2 Rd7 33. Qg4 f6 34.
Bf4 Rde7 35. f3 Kg8 36. h5 g5 37. Bg3 d5 38. e5 fxe5 39. Qxg5 Kh7 40. Rh1 Qf7
0-1

[Event "Col Ch "]
[Site "Ibague "]
[Date "2013.07.07"]
[Round "11.51"]
[White "Valencia, Dario"]
[Black "Gonzalez Parejo, Ramon Junior"]
[Result "1-0"]
[WhiteElo "1958"]
[BlackElo "2094"]
[PlyCount "60"]
[EventDate "2013.07.01"]
[EventType "swiss"]
[EventRounds "11"]
[EventCountry "COL"]
[SourceDate "2005.09.12"]

1. Nf3 g6 2. g3 Bg7 3. Bg2 f5 4. d4 Nf6 5. c4 O-O 6. O-O d6 7. b4 Qe8 8. Nc3 c6
9. b5 e5 10. dxe5 dxe5 11. Ba3 Rf7 12. Qb3 h6 13. Rad1 Nbd7 14. bxc6 bxc6 15.
Nh4 Nf8 16. Bxf8 Rxf8 17. Nb5 Rb8 18. Nd6 Rxb3 19. Nxe8 Rb2 20. Nxf6+ Rxf6 21.
Rd8+ Rf8 22. Rxf8+ Kxf8 23. Bxc6 g5 24. Ng2 Rxa2 25. Rd1 Ke7 26. Kf1 a5 27. Ne3
f4 28. Nd5+ Kd6 29. Nc3+ Kxc6 30. Nxa2 Be6 1-0

[Event "Col Ch "]
[Site "Ibague "]
[Date "2013.07.07"]
[Round "11.52"]
[White "Ospina Ortiz, Oscar Alexander"]
[Black "Agudelo, Carlos Hernan"]
[Result "0-1"]
[WhiteElo "1943"]
[BlackElo "2065"]
[PlyCount "48"]
[EventDate "2013.07.01"]
[EventType "swiss"]
[EventRounds "11"]
[EventCountry "COL"]
[SourceDate "2005.09.12"]

1. d4 f5 2. e4 fxe4 3. Nc3 Nf6 4. Bg5 g6 5. Bxf6 exf6 6. Nxe4 d5 7. Ng3 Bb4+ 8.
c3 Bd6 9. Bd3 O-O 10. N1e2 f5 11. O-O f4 12. Nh1 f3 13. gxf3 Bh3 14. Re1 h5 15.
f4 Bxf4 16. Nxf4 Rxf4 17. Re5 Rg4+ 18. Ng3 h4 19. Bxg6 Rxg6 20. Qh5 Kg7 21.
Rae1 Nc6 22. Re8 Qxe8 23. Rxe8 Rxe8 24. f4 Rh8 0-1

[Event "Col Ch "]
[Site "Ibague "]
[Date "2013.07.07"]
[Round "11.53"]
[White "Palacio, Pablo Persi"]
[Black "Andrade Truyol, Geiner Jose"]
[Result "0-1"]
[WhiteElo "1931"]
[BlackElo "2045"]
[PlyCount "60"]
[EventDate "2013.07.01"]
[EventType "swiss"]
[EventRounds "11"]
[EventCountry "COL"]
[SourceDate "2005.09.12"]

1. e4 c5 2. Nf3 d6 3. d4 cxd4 4. Nxd4 Nf6 5. Nc3 a6 6. Bg5 e6 7. Qd2 Qc7 8. f4
Be7 9. g3 Nbd7 10. Bg2 O-O 11. O-O-O Rd8 12. Rhe1 h6 13. Bh4 Ne5 14. Nxe6 Bxe6
15. fxe5 dxe5 16. Nd5 Nxd5 17. exd5 g5 18. Be4 Bg4 19. Qf2 f5 20. Bf3 gxh4 21.
Bxg4 fxg4 22. gxh4 Rf8 23. Qg3 Rf4 24. h5 Rc8 25. Qd3 Qd6 26. Rxe5 Qxe5 27.
Qg6+ Kf8 28. Qxh6+ Ke8 29. d6 Bxd6 30. Qg6+ Kd7 0-1

[Event "Col Ch "]
[Site "Ibague "]
[Date "2013.07.07"]
[Round "11.54"]
[White "Otero, Alvaro Junior"]
[Black "Torres, Augusto"]
[Result "1-0"]
[WhiteElo "2018"]
[BlackElo "1812"]
[PlyCount "47"]
[EventDate "2013.07.01"]
[EventType "swiss"]
[EventRounds "11"]
[EventCountry "COL"]
[SourceDate "2005.09.12"]

1. e4 c5 2. Nf3 e6 3. Nc3 a6 4. Be2 Nc6 5. O-O Qc7 6. d4 cxd4 7. Nxd4 Nf6 8. g3
Nxd4 9. Qxd4 Bc5 10. Qd3 h5 11. Be3 Be7 12. Rad1 h4 13. Bf4 Qa5 14. Bd6 hxg3
15. hxg3 Bxd6 16. Qxd6 Qg5 17. Kg2 Ng8 18. Rh1 Rxh1 19. Rxh1 Nh6 20. Rd1 Qe7
21. Qb6 Qd8 22. Qd4 Kf8 23. Na4 b5 24. Nb6 1-0

[Event "Col Ch "]
[Site "Ibague "]
[Date "2013.07.07"]
[Round "11.55"]
[White "Vasquez, Nuremberg Ad"]
[Black "Osorio, Alejandro"]
[Result "0-1"]
[WhiteElo "2002"]
[BlackElo "1883"]
[PlyCount "54"]
[EventDate "2013.07.01"]
[EventType "swiss"]
[EventRounds "11"]
[EventCountry "COL"]
[SourceDate "2005.09.12"]

1. e4 c5 2. d4 cxd4 3. c3 Nf6 4. e5 Nd5 5. Bc4 Nb6 6. Bb3 Nc6 7. Nf3 d6 8. Qe2
Bf5 9. O-O e6 10. Rd1 d3 11. Qe3 dxe5 12. Nxe5 Nxe5 13. Qxe5 Qd6 14. Qe3 Be7
15. c4 O-O 16. Nc3 Qc6 17. Qf4 h6 18. Qg3 Bg6 19. Bf4 Rad8 20. Rac1 Bf6 21. h4
h5 22. c5 Nd5 23. Ba4 Nxc3 24. Bxc6 Ne2+ 25. Kh2 Nxg3 26. Bxb7 Ne2 27. Bd6 Rxd6
0-1

[Event "Col Ch "]
[Site "Ibague "]
[Date "2013.07.07"]
[Round "11.56"]
[White "Leal Cortes, Diego Fernando"]
[Black "Garces, Javier"]
[Result "1-0"]
[WhiteElo "1901"]
[BlackElo "2001"]
[PlyCount "127"]
[EventDate "2013.07.01"]
[EventType "swiss"]
[EventRounds "11"]
[EventCountry "COL"]
[SourceDate "2005.09.12"]

1. e4 c5 2. Nf3 d6 3. c3 Nf6 4. h3 Nc6 5. Bd3 g6 6. Bc2 Bg7 7. O-O O-O 8. d4
cxd4 9. cxd4 Nb4 10. Bb3 d5 11. e5 Ne4 12. Nc3 Bf5 13. g4 Be6 14. Re1 f5 15.
Nxe4 fxe4 16. Rxe4 dxe4 17. Bxe6+ Kh8 18. Ng5 Bxe5 19. Nf7+ Rxf7 20. Bxf7 Qxd4
21. Be3 Qd3 22. Qxd3 Nxd3 23. Bd5 Nf4 24. Bxe4 Nxh3+ 25. Kg2 Nf4+ 26. Kf1 Ne6
27. Rd1 Rd8 28. Rxd8+ Nxd8 29. b4 a6 30. a4 Kg7 31. Bb6 Nc6 32. b5 axb5 33.
axb5 Nd4 34. f4 Nb3 35. Bd5 Bd4 36. Bd8 Nc5 37. Bxe7 b6 38. Ke2 h6 39. Kf3 Bg1
40. Bd8 Nd7 41. Be6 Nf8 42. Bc4 Nd7 43. Ke4 Nf6+ 44. Kf3 Bc5 45. g5 Ne8 46. Be6
h5 47. f5 gxf5 48. Bxf5 Nd6 49. Bf6+ Kf7 50. Bd3 Ke6 51. Bc3 Nf5 52. g6 Nh6 53.
g7 Kd5 54. Bd2 Ng8 55. Be3 Bd4 56. Bxd4 Kxd4 57. Bh7 Nf6 58. Kf4 h4 59. Kf5 h3
60. Kxf6 h2 61. Be4 Kxe4 62. g8=Q Kf3 63. Qa8+ Kf2 64. Qh1 1-0

[Event "Col Ch "]
[Site "Ibague "]
[Date "2013.07.07"]
[Round "11.59"]
[White "Acosta Cubides, Jorian Jared"]
[Black "Sosa Florez, Juan Sebastian"]
[Result "1-0"]
[WhiteElo "1971"]
[BlackElo "1671"]
[PlyCount "55"]
[EventDate "2013.07.01"]
[EventType "swiss"]
[EventRounds "11"]
[EventCountry "COL"]
[SourceDate "2005.09.12"]

1. e4 c5 2. Nf3 Nc6 3. d4 cxd4 4. Nxd4 e5 5. Nb5 d6 6. N1c3 a6 7. Na3 b5 8. Nd5
Nf6 9. Bg5 Be7 10. Bxf6 Bxf6 11. c3 O-O 12. Nc2 Be6 13. Nce3 Bg5 14. Be2 Ne7
15. O-O Ng6 16. Bg4 a5 17. Qf3 Re8 18. g3 Bxg4 19. Qxg4 Re6 20. Nf5 Nf8 21.
Nde7+ Rxe7 22. Qxg5 f6 23. Nxe7+ Qxe7 24. Qd2 Ne6 25. Qd5 Rd8 26. Qxb5 Nc5 27.
Qxa5 Nxe4 28. Qd5+ 1-0

[Event "Col Ch "]
[Site "Ibague "]
[Date "2013.07.07"]
[Round "11.60"]
[White "Corpus Vanegas, Eugenio Miguel"]
[Black "Valdes, Nicolas"]
[Result "1-0"]
[WhiteElo "1848"]
[BlackElo "2095"]
[PlyCount "73"]
[EventDate "2013.07.01"]
[EventType "swiss"]
[EventRounds "11"]
[EventCountry "COL"]
[SourceDate "2005.09.12"]

1. e4 c5 2. Nf3 d6 3. d4 cxd4 4. Nxd4 Nf6 5. Nc3 a6 6. Bc4 e5 7. Nde2 b5 8. Bd5
Nxd5 9. Nxd5 Bb7 10. O-O g6 11. Be3 Nd7 12. Nec3 Bg7 13. Qd2 O-O 14. Rad1 Rc8
15. f4 Re8 16. f5 f6 17. fxg6 hxg6 18. Bh6 Re6 19. Bxg7 Kxg7 20. Rf3 g5 21. Rh3
b4 22. Ne2 Rc4 23. Ng3 Nf8 24. Qe2 Rd4 25. Nf5+ Kg8 26. Nxd4 exd4 27. Rxd4 Qe8
28. Qc4 Bxd5 29. Qxd5 Qb8 30. Rb3 a5 31. Qxa5 Re5 32. Qxb4 Qa7 33. Kf1 Qxa2 34.
Qc4+ d5 35. Rxd5 Kh8 36. Rh3+ Kg7 37. Qxa2 1-0

[Event "Col Ch "]
[Site "Ibague "]
[Date "2013.07.07"]
[Round "11.61"]
[White "Barros, Raul"]
[Black "Palechor, Cesar Augusto"]
[Result "1/2-1/2"]
[WhiteElo "2019"]
[BlackElo "1794"]
[PlyCount "28"]
[EventDate "2013.07.01"]
[EventType "swiss"]
[EventRounds "11"]
[EventCountry "COL"]
[SourceDate "2005.09.12"]

1. d4 Nf6 2. Nf3 c5 3. d5 d6 4. c4 g6 5. Nc3 Bg7 6. e4 O-O 7. Bd3 a6 8. O-O Bg4
9. Bd2 Nbd7 10. h3 Bxf3 11. Qxf3 Ne5 12. Qe2 Nxd3 13. Qxd3 Nd7 14. Qe2 Rb8
1/2-1/2

[Event "Col Ch "]
[Site "Ibague "]
[Date "2013.07.07"]
[Round "11.62"]
[White "Torres, Jose Leonardo"]
[Black "Arias, Juan Diego"]
[Result "1-0"]
[WhiteElo "1787"]
[BlackElo "2016"]
[PlyCount "107"]
[EventDate "2013.07.01"]
[EventType "swiss"]
[EventRounds "11"]
[EventCountry "COL"]
[SourceDate "2005.09.12"]

1. e4 e6 2. d4 d5 3. Nf3 Nf6 4. Bg5 Be7 5. Bxf6 Bxf6 6. e5 Be7 7. Nc3 c5 8.
dxc5 Bxc5 9. Bd3 Nc6 10. O-O h6 11. Qe1 O-O 12. Kh1 Qc7 13. Rb1 f6 14. exf6
Rxf6 15. Nd2 Qf7 16. f3 e5 17. Ne2 Nb4 18. Nc1 Bf5 19. Qxe5 Bd6 20. Qc3 Rc8 21.
Qb3 Qh5 22. f4 Rxc2 23. Bxc2 Bxf4 24. Rxf4 Bxc2 25. Qf3 Qe8 26. Rxf6 gxf6 27.
Ne2 Bxb1 28. Nxb1 d4 29. Ng1 Qe1 30. Qg4+ Kh8 31. Qxd4 Nxa2 32. Qxf6+ Kg8 33.
Qg6+ Kf8 34. Qxh6+ Ke8 35. Qh5+ Kf8 36. Qf3+ Ke8 37. Qe2+ Qxe2 38. Nxe2 Nb4 39.
Nd2 Nd3 40. b3 Ke7 41. h4 Ne5 42. Kh2 a5 43. Nc3 Ke6 44. Nc4 Nxc4 45. bxc4 Ke5
46. g4 Kd4 47. Nb1 Kxc4 48. h5 b5 49. h6 b4 50. h7 a4 51. h8=Q a3 52. Nxa3+
bxa3 53. g5 a2 54. g6 1-0

[Event "Col Ch "]
[Site "Ibague "]
[Date "2013.07.07"]
[Round "11.63"]
[White "Gamboa, Jose Pompilio"]
[Black "Latorre, Franklin Leandro"]
[Result "1/2-1/2"]
[WhiteElo "1778"]
[BlackElo "1927"]
[PlyCount "121"]
[EventDate "2013.07.01"]
[EventType "swiss"]
[EventRounds "11"]
[EventCountry "COL"]
[SourceDate "2005.09.12"]

1. e4 c6 2. Nc3 d5 3. exd5 cxd5 4. d4 Nf6 5. Bb5+ Nc6 6. Nf3 Bf5 7. O-O e6 8.
Bg5 Be7 9. Ne5 Qb6 10. Qe2 O-O 11. Bxc6 bxc6 12. Bxf6 Bxf6 13. Nd7 Qxb2 14. Qd2
(14. Nxf8 Qxc3) 14... Rfc8 15. Nxf6+ gxf6 16. Rfc1 c5 17. Rab1 Qa3 18. Nb5 Qa6
19. Qf4 cxd4 20. Nc7 Qc4 (20... Qxa2 21. Nxa8 Rxa8 22. Rb8+) 21. Nxa8 Rxa8 22.
Rb3 Rc8 23. Rg3+ Bg6 24. h4 d3 $2 (24... h5) 25. Qxc4 Rxc4 26. h5 d2 27. Rd1
Rxc2 28. Kf1 Rxa2 29. hxg6 hxg6 30. Ke2 Kf8 31. Rxd2 Ra4 32. Rb3 f5 33. Rdd3
Rc4 34. Rdc3 Re4+ 35. Kd3 a5 36. Rb7 Kg7 37. Rcc7 a4 38. Rxf7+ Kh6 39. g3 Kg5
40. f3 Re1 41. Ra7 e5 42. Rxa4 e4+ 43. Kd2 Rg1 44. f4+ (44. fxe4 dxe4) 44...
Kg4 45. Rg7 Rxg3 46. Rxg6+ Kxf4 47. Rd6 Ke5 48. Rd8 Rg2+ 49. Ke1 f4 50. Ra5
Rg1+ 51. Kd2 (51. Ke2 f3+ 52. Kf2 Rd1) 51... e3+ 52. Ke2 Rg2+ 53. Kf1 (53. Ke1
f3 54. Re8+) 53... Rd2 54. Re8+ Kf5 55. Ra4 d4 56. Ke1 f3 57. Ra5+ Kf4 58. Rf8+
$11 Ke4 59. Re8+ Kd3 60. Ra3+ Kc4 61. Raxe3 1/2-1/2

[Event "Col Ch "]
[Site "Ibague "]
[Date "2013.07.07"]
[Round "11.65"]
[White "Dabraccio, Guillermo"]
[Black "Aristizabal, Jorge"]
[Result "1-0"]
[WhiteElo "1752"]
[BlackElo "1881"]
[PlyCount "83"]
[EventDate "2013.07.01"]
[EventType "swiss"]
[EventRounds "11"]
[EventCountry "COL"]
[SourceDate "2005.09.12"]

1. d4 d5 2. Bf4 Nf6 3. Nf3 e6 4. e3 Be7 5. h3 O-O 6. Be2 b6 7. O-O Ba6 8. Bxa6
Nxa6 9. Ne5 c5 10. c3 Nb8 11. Nd2 Nfd7 12. Ndf3 f6 13. Nxd7 Qxd7 14. Re1 Nc6
15. a3 Rad8 16. b4 c4 17. a4 g5 18. Bh2 f5 19. Re2 Bf6 20. a5 b5 21. a6 h5 22.
Ne5 Bxe5 23. Bxe5 Nxe5 24. dxe5 Qc7 25. Qd4 Rb8 26. Ra5 Kf7 27. Rb2 Rfe8 28. f4
g4 29. hxg4 hxg4 30. Rb1 Kg6 31. g3 Qh7 32. Qd2 Rh8 33. Qg2 Qd7 34. Kf2 Rh3 35.
Rh1 Rbh8 36. Rxh3 Rxh3 37. Kg1 Rh8 38. Qd2 Rb8 39. Qh2 Qe7 40. Ra2 Rb6 41. Qh8
Qh7 42. Qf6+ 1-0

[Event "Col Ch "]
[Site "Ibague "]
[Date "2013.07.07"]
[Round "11.66"]
[White "Agudelo, Oscar Marino"]
[Black "Acosta Cruz, Luis Ivan"]
[Result "1-0"]
[WhiteElo "1739"]
[BlackElo "1879"]
[PlyCount "39"]
[EventDate "2013.07.01"]
[EventType "swiss"]
[EventRounds "11"]
[EventCountry "COL"]
[SourceDate "2005.09.12"]

1. d4 Nf6 2. c4 g6 3. Nc3 Bg7 4. e4 d6 5. f3 O-O 6. Be3 Nbd7 7. Qd2 e5 8. d5 a6
9. g4 h5 10. h4 Rb8 11. Bg5 Qe8 12. O-O-O Kh7 13. Bh3 b5 14. cxb5 axb5 15. gxh5
Nxh5 16. Bg4 Ndf6 17. Bxf6 Nxf6 18. h5 Kg8 19. h6 Bh8 20. h7+ 1-0

[Event "Col Ch "]
[Site "Ibague "]
[Date "2013.07.07"]
[Round "11.67"]
[White "Ortiz, Jairo"]
[Black "Cadavid, Juan Miguel"]
[Result "1-0"]
[WhiteElo "1725"]
[BlackElo "1862"]
[PlyCount "91"]
[EventDate "2013.07.01"]
[EventType "swiss"]
[EventRounds "11"]
[EventCountry "COL"]
[SourceDate "2005.09.12"]

1. d4 d5 2. Nf3 Nf6 3. e3 e6 4. Bd3 c5 5. b3 Nc6 6. O-O b6 7. Nbd2 Bb7 8. Bb2
Bd6 9. Ne5 O-O 10. a3 Nd7 11. f4 f6 12. Qh5 f5 13. Nxd7 Qxd7 14. g4 Qf7 15. Qh4
Qg6 16. h3 Be7 17. Qg3 Kf7 18. Kf2 Ke8 19. Rg1 cxd4 20. exd4 Bc8 21. Nf3 Bd7
22. gxf5 exf5 23. Qxg6+ hxg6 24. Rxg6 Kf7 25. Rag1 Rg8 26. Bb5 Rac8 27. Bxc6
Bf6 28. Bxd5+ Be6 29. Bxe6+ Kxe6 30. c3 b5 31. Re1+ Kf7 32. Rgg1 Rh8 33. Kg3 a5
34. Ne5+ Bxe5 35. fxe5 g5 36. Rd1 Rhd8 37. d5 Rc5 38. c4 bxc4 39. bxc4 Rxc4 40.
e6+ Ke7 41. Rge1 Rb8 42. d6+ Kf8 43. e7+ Kf7 44. e8=Q+ Rxe8 45. Rxe8 Kxe8 46.
d7+ 1-0

[Event "Col Ch "]
[Site "Ibague "]
[Date "2013.07.07"]
[Round "11.69"]
[White "Munoz, Alvaro E"]
[Black "Ordonez Gonzalez, Gabriel"]
[Result "0-1"]
[WhiteElo "1739"]
[BlackElo "1909"]
[PlyCount "100"]
[EventDate "2013.07.01"]
[EventType "swiss"]
[EventRounds "11"]
[EventCountry "COL"]
[SourceDate "2005.09.12"]

1. e4 c5 2. Nf3 Nc6 3. h3 g6 4. d4 cxd4 5. Nxd4 Bg7 6. c3 a6 7. Be3 d6 8. Nd2
Nf6 9. Be2 O-O 10. O-O Qc7 11. f4 Bd7 12. Rc1 Rac8 13. Qe1 Qa5 14. a3 Qc7 15.
Qf2 Nxd4 16. cxd4 Qxc1 17. Rxc1 Rxc1+ 18. Kh2 Rc2 19. b3 Rfc8 20. Bd3 R2c3 21.
Qe2 b5 22. d5 Ne8 23. Bb6 Rc1 24. Nb1 h5 25. Be3 R1c7 26. Bb6 Rb7 27. Be3 Nf6
28. g3 Be8 29. Kg2 Nd7 30. b4 Nb6 31. Bxb6 Rxb6 32. e5 Rb7 33. exd6 exd6 34. f5
Be5 35. Qe3 Kg7 36. Qg5 f6 37. Qd2 g5 38. Bc2 Bf7 39. Bb3 Rbc7 40. Qd1 Rc1 41.
Qd3 R8c7 42. Qe4 Be8 43. Kf2 Bf7 44. Qd3 R1c3 45. Nxc3 Rxc3 46. Qb1 Rxg3 47. h4
g4 48. Qd1 Rh3 49. a4 Rxh4 50. axb5 axb5 0-1

[Event "Col Ch "]
[Site "Ibague "]
[Date "2013.07.07"]
[Round "11.71"]
[White "Sosa Florez, Luis Felipe"]
[Black "Arismendi Polanco, Efrain Stev"]
[Result "1-0"]
[WhiteElo "1738"]
[BlackElo "1805"]
[PlyCount "57"]
[EventDate "2013.07.01"]
[EventType "swiss"]
[EventRounds "11"]
[EventCountry "COL"]
[SourceDate "2005.09.12"]

1. d4 Nf6 2. Nf3 g6 3. c4 Bg7 4. e3 O-O 5. Nc3 d6 6. Be2 Nbd7 7. O-O e5 8. dxe5
Nxe5 9. Nd4 Nfd7 10. b3 a5 11. Bb2 Nc5 12. a3 f5 13. b4 Ne6 14. Qb3 c6 15. Rfd1
Kh8 16. Nf3 Nxf3+ 17. Bxf3 Ng5 18. Be2 f4 19. exf4 Rxf4 20. Na4 Qf8 21. Bxg7+
Kxg7 22. Qc3+ Kg8 23. f3 Be6 24. Qd2 Rd8 25. h4 Nxf3+ 26. Bxf3 Bxc4 27. Nb2 Bb3
28. Rf1 Rxh4 29. Bd5+ 1-0

[Event "Col Ch "]
[Site "Ibague "]
[Date "2013.07.07"]
[Round "11.72"]
[White "Ricciulli Vargas, Roberth Elie"]
[Black "Jaramillo, Daniel Alejandro"]
[Result "1-0"]
[WhiteElo "1762"]
[BlackElo "1693"]
[PlyCount "77"]
[EventDate "2013.07.01"]
[EventType "swiss"]
[EventRounds "11"]
[EventCountry "COL"]
[SourceDate "2005.09.12"]

1. e4 c5 2. Nf3 Nc6 3. Bb5 g6 4. Bxc6 bxc6 5. O-O Bg7 6. d3 d6 7. Re1 Bg4 8.
Nbd2 e6 9. h3 Bxf3 10. Nxf3 Ne7 11. c3 O-O 12. Be3 Rb8 13. Qd2 Qb6 14. b4 Qb5
15. bxc5 dxc5 16. Bh6 Rbd8 17. Bxg7 Kxg7 18. Red1 Rfe8 19. Rab1 Qa6 20. Qb2 Kg8
21. c4 h6 22. Qf6 Nc8 23. Ne5 Re7 24. Rb2 Kh7 25. Rb8 Rde8 26. Nxf7 Rb7 27. Ne5
Rg8 28. Rxc8 Rxc8 29. Qxg6+ Kh8 30. Qxh6+ Rh7 31. Qxe6 Qb7 32. Qf6+ Kg8 33.
Qe6+ Kh8 34. Ng6+ Kg7 35. Ne7 Rc7 36. Qg8+ Kf6 37. Qxh7 Rxe7 38. Qf5+ Kg7 39.
Qxc5 1-0

[Event "Col Ch "]
[Site "Ibague "]
[Date "2013.07.07"]
[Round "11.74"]
[White "Ramirez, Carlos Henry"]
[Black "Parra, Diego Alexander"]
[Result "0-1"]
[WhiteElo "1647"]
[BlackElo "1922"]
[PlyCount "20"]
[EventDate "2013.07.01"]
[EventType "swiss"]
[EventRounds "11"]
[EventCountry "COL"]
[SourceDate "2005.09.12"]

1. e4 c5 2. f4 Nc6 3. Nf3 g6 4. c3 Bg7 5. d4 cxd4 6. Nxd4 e6 7. Bc4 Nge7 8. O-O
Qb6 9. Be3 Qxb2 10. Na3 Qxc3 0-1

[Event "Col Ch "]
[Site "Ibague "]
[Date "2013.07.07"]
[Round "11.75"]
[White "Pelaez, Hernan"]
[Black "Perez Lombana, Kevin Esteban"]
[Result "1-0"]
[WhiteElo "1867"]
[BlackElo "1439"]
[PlyCount "5"]
[EventDate "2013.07.01"]
[EventType "swiss"]
[EventRounds "11"]
[EventCountry "COL"]
[SourceDate "2005.09.12"]

1. c4 e5 2. Nc3 Nf6 3. g3 (3. Nf3 Nc6 4. g3 Bc5 5. Bg2 d6 6. O-O O-O 7. d3 Be6
8. Na4 Bb6 9. Bd2 Qc8 10. Re1 Bh3 11. Bh1 Ne7 12. b4 a6 13. Nxb6 cxb6 14. a4
Nh5 15. Nh4 Ng6 16. Ng2 f5 17. e4 f4 (17... h6 18. Rc1 f4 19. d4 f3 20. Ne3
exd4 21. Nc2 Ne5 22. Nxd4 Qg4 23. Re3 Bg2 24. Bxg2 fxg2 25. Qxg4 Nxg4 26. Re2
Rf5 (26... Rf6 27. Kxg2 Raf8 28. f4 Rg6 29. f5 Rgf6 30. Ne6 Re8 31. h3 Ne5 32.
g4 Nd3 33. gxh5 Nxc1 34. Bxc1))) 1-0